Les races de chats par images - Statistiques

Statistiques générales
  • Ce quiz a été pris 1 961 fois
  • Le résultat moyen est 6 sur 12
Statistiques - réponses
Par images Réponse % Correct
Siamois
90%
Sphynx
81%
Maine Coon
73%
Bengal
64%
Persan
63%
Chartreux
52%
British Shorthair
40%
Sacré de Birmanie
39%
Ragdoll
34%
Norvégien
28%
Savannah
26%
Sibérien
24%
Aucun quiz correspondant
Distribution des résultats
% des personnes avec chaque résultat
Percentile par nombre de réponses
Votre historique - résultats
Vous n’avez pas pris ce quiz